| 000 | 02188nam a2200397 4500 | ||
|---|---|---|---|
| 003 | EC-UNACH | ||
| 005 | 20250512164307.0 | ||
| 006 | s||||gr|||| 00| 00 | ||
| 008 | 150116t9999 mx r gr 000 0 spa d | ||
| 020 | _a10121498 | ||
| 040 |
_aEC-UNACH _cEC-UNACH |
||
| 041 | _aspa | ||
| 082 | 0 | 4 |
_223 _a300 _bL017727 |
| 110 | _aCentro Andino de Acción Popular (CAAP) | ||
| 245 | _aEcuador Debate N°72. Repensar las Ciencias Sociales | ||
| 250 | _aPrimera edición | ||
| 264 |
_aQuito - Ecuador _bCAAP _c2007 |
||
| 300 |
_a240 páginas _bCuadros, Tablas _c14,5 X 21 cm |
||
| 505 | _aCOYUNTURA.- Regreso del Estado y liderazgo político fuerte.Un diálogo sobre la coyuntura. El juego de papeles y la auditoria de la deuda interna y externa. Conflictividad socio política: Julio-Octubre 2007. -- TEMA CENTRAL. Ciencias Sociales o "aparatos ideológicos de mercado" ¿qué hacer?. Los estudios sobre la historia de la clase trabajadora en el Ecuador. Ciencia económica: Imperialismo contra descolonización. Siete aportes de la investigación Sociológica de Bourdieu. Etnográficas sobre drogas, masculinidad y estética. Naturaleza y cultura.Un debate pendiente en la antropología ecuatoriana. Los Andes: la metamorfosis y los particularismos de una región. -- DEBATE AGRARIO-RURAL.- Las estrategias de conquista del agua en el Ecuador, o la historia de un sempiterno comienzo. – ANÁLISIS.-Política exterior democrática, sociedad civil y diplomacia. El matrimonio entre Pachakutik y la UNORCAC en Cotacachi: ¿Una alianza rara?. – RESEÑAS.- El fin del petróleo. Estudios Culturales Latinoamericanos, retos desde y sobre la región andina. | ||
| 650 | _aDEUDA INTERNA | ||
| 650 | _aDEUDA EXTERNA | ||
| 650 | _aMASCULINIDAD | ||
| 650 | _aNATURALEZA Y CULTURA | ||
| 650 | _aAPARATOS IDEOLÓGICAS | ||
| 700 | _aSalgado, Wilma | ||
| 700 | _aIbarra, Hernán | ||
| 700 | _aSchuldt, Jurgen | ||
| 700 | _aMartínez Flores, Alexandra | ||
| 942 |
_2ddc _c1 |
||
| 999 | _c13504 | ||